[Event "Lugano op"]
[Site "Lugano"]
[Date "1985.??.??"]
[Round "?"]
[White "Pliester, Leon"]
[Black "Nunn, John DM"]
[Result "0-1"]
[WhiteElo "2360"]
[BlackElo "2600"]

1.Nf3 g6 2.g3 Bg7 3.Bg2 e5 4.O-O Nc6 5.e4 Nge7 6.d3 O-O 7.Re1 d6 8.Nbd2 f5
9.c3 h6 10.exf5 Bxf5 11.Nc4 Qe8 12.Nh4 Bd7 13.f4 exf4 14.Bxf4 g5 15.Qb3 Qf7
16.Rf1 gxf4 17.Rxf4 Qe6 18.Re4 Ne5 19.d4 b5 20.Nxe5 dxe5 21.d5 Qxd5 22.Ng6 Qxb3
23.Nxe7+ Kf7 24.axb3 Kxe7 25.Ree1 c6 26.Ra6 Rfc8 27.Rea1 Kd6 28.Rxa7 Rxa7
29.Rxa7 b4 30.cxb4 Rb8 31.Bf1 e4  0-1

[Event "Lugano op"]
[Site "Lugano"]
[Date "1985.??.??"]
[Round "3"]
[White "Peelen, Piet"]
[Black "Nunn, John DM"]
[Result "0-1"]
[WhiteElo "2225"]
[BlackElo "2615"]

1.c4 g6 2.Nc3 Bg7 3.g3 e5 4.Bg2 d6 5.d3 f5 6.Nf3 Nf6 7.O-O O-O 8.Rb1 a5 9.a3 Qe7
10.b4 axb4 11.axb4 c6 12.b5 Kh8 13.Qb3 Be6 14.Bg5 h6 15.Bxf6 Qxf6 16.Ne1 e4
17.Rc1 Nd7 18.dxe4 Ne5 19.Nb1 fxe4 20.Bxe4 Nxc4 21.Rxc4 d5 22.Rc1 dxe4 23.Qe3 cxb5
24.Qxe4 Rae8 25.Qc2 Bf5 26.Nd3 b4 27.Rce1 Qd4 28.Qb3 Bh3 29.Qxb4 Qd5 30.f3 Bxf1
31.Rxf1 Rxe2 32.Nf4 Rxf4 33.Qxf4 Qa2 34.g4 Rb2  0-1

[Event "Naestved"]
[Site "Naestved"]
[Date "1985.??.??"]
[Round "1"]
[White "Nunn, John DM"]
[Black "Ftacnik, Lubomir"]
[Result "0-1"]
[WhiteElo "2600"]
[BlackElo "2500"]

1.e4 c5 2.Nf3 d6 3.d4 Nf6 4.Nc3 cxd4 5.Nxd4 a6 6.Be3 e6 7.Qd2 b5 8.f3 Bb7
9.g4 h6 10.O-O-O Nbd7 11.Bd3 b4 12.Nce2 d5 13.exd5 Nxd5 14.Nf4 Bd6 15.Nh5 Be5
16.Rhe1 Qa5 17.Kb1 Nc3+ 18.bxc3 bxc3 19.Qc1 Bxd4 20.Bxd4 Bd5 21.a3 Rb8+ 22.Ka1 Rb2
23.Nxg7+ Kf8 24.Qxb2 cxb2+ 25.Bxb2 Rg8 26.Nh5 Bxf3 27.Be2 Bxg4 28.Ng3 Ke7
29.Ne4 Bf5 30.Nd6 Bxc2 31.Nc4 Qa4 32.Rd6 Rb8 33.Rf1 Rxb2 34.Kxb2 Qb3+ 35.Kc1 Qc3
36.Rxd7+ Kxd7 37.Rxf7+ Kd8  0-1

[Event "Naestved"]
[Site "Naestved"]
[Date "1985.??.??"]
[Round "3"]
[White "Nunn, John DM"]
[Black "Andersson, Ulf"]
[Result "1/2-1/2"]
[WhiteElo "2600"]
[BlackElo "2590"]

1.e4 e6 2.d4 d5 3.Nc3 Nf6 4.e5 Nfd7 5.f4 c5 6.Nf3 Nc6 7.Be3 a6 8.Qd2 b5 9.dxc5 Nxc5
10.Qf2 Ne4 11.Nxe4 dxe4 12.Nd2 Bb7 13.Nb3 Nb4 14.Rd1 Qc7 15.c3 Nd5  1/2-1/2

[Event "Naestved"]
[Site "Naestved"]
[Date "1985.??.??"]
[Round "5"]
[White "Nunn, John DM"]
[Black "Tal, Mihail"]
[Result "1-0"]
[WhiteElo "2600"]
[BlackElo "2565"]

1.e4 e5 2.Nf3 Nc6 3.Bb5 a6 4.Ba4 Nf6 5.O-O Nxe4 6.d4 b5 7.Bb3 d5 8.dxe5 Be6
9.Nbd2 Nc5 10.c3 Bg4 11.Bc2 Qd7 12.h3 Bh5 13.Nb3 Ne6 14.Re1 Be7 15.Bf5 Bg6
16.Nfd4 O-O 17.Bg4 Ncxd4 18.cxd4 a5 19.f4 h5 20.Bxh5 Bxh5 21.Qxh5 a4 22.Nc5 Nxc5
23.dxc5 Bxc5+ 24.Be3 Bxe3+ 25.Rxe3 f5 26.e6 Qe7 27.Rae1 Rad8 28.g4 d4 29.g5 g6
30.Qxg6+ Kh8 31.Re5 d3 32.Rxf5 Qb4 33.Rxf8+ Rxf8 34.Qe4 Qc5+ 35.Kh1 d2 36.Rd1 Qf2
37.e7 Re8 38.Qe5+ Kg8 39.Qe6+  1-0

[Event "Naestved"]
[Site "Naestved"]
[Date "1985.??.??"]
[Round "6"]
[White "Short, Nigel D"]
[Black "Nunn, John DM"]
[Result "1/2-1/2"]
[WhiteElo "2575"]
[BlackElo "2600"]

1.e4 e5 2.Nf3 Nc6 3.Bb5 a6 4.Ba4 Nf6 5.O-O Be7 6.Re1 b5 7.Bb3 d6 8.c3 O-O
9.h3 Na5 10.Bc2 c5 11.d4 Qc7 12.Nbd2 cxd4 13.cxd4 Bb7 14.d5 Rac8 15.Bd3 Nd7
16.Nf1 Nc4 17.b3 Ncb6 18.Ne3 Nc5 19.Bc2 g6 20.Bb2 Bf6 21.g4 a5 22.Kg2 Qd7
23.Qd2 b4 24.Rh1 Rc7 25.Rh2 Ba6 26.a4 Rfc8  1/2-1/2

[Event "Naestved"]
[Site "Naestved"]
[Date "1985.??.??"]
[Round "7"]
[White "Nunn, John DM"]
[Black "Vaganian, Rafael A"]
[Result "1/2-1/2"]
[WhiteElo "2600"]
[BlackElo "2625"]

1.e4 e6 2.d4 d5 3.Nd2 c5 4.Ngf3 Nc6 5.exd5 exd5 6.Bb5 Bd6 7.dxc5 Bxc5 8.O-O Ne7
9.Nb3 Bd6 10.Re1 O-O 11.Bg5 Bg4 12.Be2 Re8 13.Nfd4 Bxe2 14.Rxe2 Qd7 15.Bh4 Be5
16.Nxc6 Nxc6 17.c3 f6 18.Bg3 Rad8 19.Qc2  1/2-1/2

[Event "Naestved"]
[Site "Naestved"]
[Date "1985.??.??"]
[Round "11"]
[White "Agdestein, Simen"]
[Black "Nunn, John DM"]
[Result "1/2-1/2"]
[WhiteElo "2515"]
[BlackElo "2600"]

1.d4 Nf6 2.c4 g6 3.Nc3 Bg7 4.e4 d6 5.f3 O-O 6.Be3 Nc6 7.Nge2 a6 8.a3 e5 9.d5 Ne7
10.c5 Ne8 11.Qd2 f5 12.O-O-O dxc5 13.Bxc5 Nd6 14.Kb1 b6 15.Bg1 Bd7 16.Nc1 Qe8
17.Bd3 Qb8 18.Bc2 a5 19.a4 Qe8 20.Qe2 Kh8 21.h3 Qf7 22.Bh2 Rae8 23.Nd3 f4
24.Bb3 Bc8 25.Nb5 Nxb5 26.axb5 Bd7 27.Ba4 Rc8 28.Rc1 Qe8 29.Nf2 Ng8 30.Rc3 Nf6
31.Rhc1 Qd8 32.Qc2 Ne8 33.Bg1 Rb8 34.Nd3 Rb7 35.Bf2 Qf6 36.Be1 Rf7 37.Rc4 Nd6
38.Rxc7 Rxc7 39.Qxc7 Bxb5 40.Qc2 Bc4 41.Bc6 Qg5 42.h4 Qd8 43.Bf2 h5 44.Qc3 Re7
45.g3 Kh7 46.b3 Ba6 47.Nb2 fxg3 48.Bxg3 Qf8 49.Rc2 Rf7 50.Bxe5 Bxe5 51.Qxe5 Rxf3
52.Bd7 Rf1+ 53.Rc1 Rxc1+ 54.Kxc1 Qf1+ 55.Nd1 Be2 56.Qxd6 Qxd1+ 57.Kb2 Qd4+
58.Ka2 Qd2+ 59.Ka3 Qc1+ 60.Ka2 Qc2+ 61.Ka3 Qxe4 62.Be6 Qxh4 63.Qxb6 Qf6 64.Qxa5 Qa1+
65.Kb4 Qe1+ 66.Ka4 Qa1+ 67.Kb4 Qd4+ 68.Ka3 Qa1+  1/2-1/2

[Event "Biel"]
[Site "Biel"]
[Date "1986.??.??"]
[Round "?"]
[White "Kortschnoj, Viktor"]
[Black "Nunn, John DM"]
[Result "1/2-1/2"]
[WhiteElo "2650"]
[BlackElo "2590"]

1.d4 Nf6 2.c4 g6 3.g3 Bg7 4.Bg2 O-O 5.Nf3 d6 6.O-O Nc6 7.Nc3 a6 8.Nd5 e6
9.Nxf6+ Qxf6 10.e3 Bd7 11.Bd2 e5 12.d5 Nd8 13.e4 Qe7 14.Qb3 b6 15.Bc3 Nb7
16.Qc2 a5 17.Rae1 Nc5 18.Nh4 b5 19.b3 b4 20.Bd2 f5 21.exf5 gxf5 22.Be3 e4
23.Bxc5 dxc5 24.Bh3 Ra6 25.f3 Bc3 26.Re2 Bd4+ 27.Kh1 Raf6 28.Qc1 e3 29.Ng2 Rh6
30.Nf4 Qg7 31.Rxe3 Bxe3 32.Qxe3 Qd4 33.Qe7 Rd6 34.Re1 Qg7 35.Nd3 Qh6 36.Ne5 Qg7
37.Nxd7 Rxd7 38.Qe6+ Kh8 39.Bxf5 Rdf7 40.g4 Qc3 41.Qe3 Qxe3 42.Rxe3 Ra8 43.Kg2 a4
44.Kg3 axb3 45.axb3 Ra1 46.h4 Kg7 47.h5 Rc1 48.Re6 Rc3 49.h6+ Kf8 50.Rc6 Rxb3
51.Be4 Ra3 52.g5 b3 53.d6 cxd6 54.Rc8+ Ke7 55.g6 hxg6 56.h7 Rxh7 57.Rc7+ Kf6
58.Rxh7 Ke5 59.Rb7 g5 60.Kg4 Kd4 61.Bd5 Kc3 62.Kxg5 b2 63.f4 Rb3 64.Rxb3+  1/2-1/2

[Event "Biel"]
[Site "Biel"]
[Date "1986.??.??"]
[Round "?"]
[White "Nunn, John DM"]
[Black "Cebalo, Miso"]
[Result "1/2-1/2"]
[WhiteElo "2590"]
[BlackElo "2475"]

1.e4 c5 2.Nf3 e6 3.d4 cxd4 4.Nxd4 Nc6 5.Nb5 d6 6.c4 Nf6 7.N1c3 a6 8.Na3 Be7
9.Be2 b6 10.Be3 O-O 11.O-O Bb7 12.Qb3 Nd7 13.Rfd1 Ra7 14.Rd2 Ba8 15.Qd1 Qb8
16.Qf1 Nf6 17.Rad1 Ne5 18.f3 Ned7 19.Bf4 Ne5 20.Qf2 Re8 21.Be3 Ned7 22.g4 h6
23.h4 Nh7 24.Qg3 g5 25.hxg5 hxg5 26.Bf1 Ne5 27.Rh2 f6 28.Qf2 Bd8 29.Rh3 Nf8
30.Be2 Nfg6 31.Qh2 Rg7 32.Kf2 Bc7 33.Qh1 Kf7 34.Nc2 Nh4 35.Nd4 Rh8 36.f4 gxf4
37.Rxh4 fxe3+ 38.Kxe3 Ng6 39.Rh5 Qg8 40.Rf1 Ke7 41.Qf3 Rf7  1/2-1/2

[Event "Biel"]
[Site "Biel"]
[Date "1986.??.??"]
[Round "?"]
[White "Nunn, John DM"]
[Black "Huebner, Robert"]
[Result "1/2-1/2"]
[WhiteElo "2590"]
[BlackElo "2620"]

1.e4 e6 2.d4 d5 3.Nc3 Bb4 4.e5 Qd7 5.Bd2 b6 6.Nf3 Ne7 7.h4 Bxc3 8.Bxc3 c5
9.Bd2 Ba6 10.Bxa6 Nxa6 11.Qe2 Nc7 12.h5 h6 13.Be3 Nf5 14.dxc5 Nxe3 15.Qxe3 Qb5
16.a4 Qa5+ 17.Qd2  1/2-1/2

[Event "Biel"]
[Site "Biel"]
[Date "1986.??.??"]
[Round "?"]
[White "Nunn, John DM"]
[Black "Hug, Werner"]
[Result "1-0"]
[WhiteElo "2590"]
[BlackElo "2455"]

1.e4 e6 2.d4 d5 3.Nc3 Bb4 4.e5 c5 5.a3 Ba5 6.Bd2 Nc6 7.Nb5 Nxd4 8.Nxd4 Bxd2+
9.Qxd2 cxd4 10.Nf3 Ne7 11.Nxd4 O-O 12.f4 Nc6 13.O-O-O Bd7 14.Be2 Rc8 15.Rhf1 Nxd4
16.Qxd4 Qa5 17.Qb4 Qxb4 18.axb4 f6 19.exf6 Rxf6 20.Kd2 h6 21.Bd3 Kf8 22.Ke3 Ke7
23.b3 a6 24.c4 dxc4 25.bxc4 Bc6 26.g3 Rd8 27.Be4 Bxe4 28.Rxd8 Kxd8 29.Kxe4 Ke7
30.Rd1 Rf8 31.c5 Rc8 32.Rd6 Rc7 33.Ke5 a5 34.Rxe6+ Kf7 35.Rb6 axb4 36.Kd5 b3
37.Rxb3 Kf6 38.g4 Rd7+ 39.Kc4 Re7 40.Rb6+ Kf7 41.Kb5 Ke8 42.f5 Kd8 43.Re6 Rd7
44.Kb6 Rd2 45.Kxb7 Rxh2 46.Rg6 h5 47.gxh5 Rxh5 48.c6  1-0

[Event "Biel"]
[Site "Biel"]
[Date "1986.??.??"]
[Round "?"]
[White "Nunn, John DM"]
[Black "Lobron, Eric"]
[Result "1/2-1/2"]
[WhiteElo "2590"]
[BlackElo "2515"]

1.e4 c6 2.d4 d5 3.e5 Bf5 4.Nc3 Qb6 5.Na4 Qc7 6.Be3 e6 7.Ne2 Nd7 8.f4 h5 9.Qd2 Nb6
10.Nxb6 axb6 11.Ng3 Ne7 12.Nxf5 Nxf5 13.Bf2 b5 14.Bd3  1/2-1/2

[Event "OHRA-A"]
[Site "Brussels"]
[Date "1986.??.??"]
[Round "?"]
[White "Nunn, John DM"]
[Black "Kortschnoj, Viktor"]
[Result "1/2-1/2"]
[WhiteElo "2590"]
[BlackElo "2650"]

1.e4 e6 2.d4 d5 3.Nc3 Bb4 4.e5 c5 5.a3 Bxc3+ 6.bxc3 Ne7 7.Nf3 Bd7 8.dxc5 Qc7
9.Bd3 Nbc6 10.Bf4 Ng6 11.Bg3 Qa5 12.Qd2 Qxc5 13.h4 d4 14.Bxg6 hxg6 15.cxd4 Qc4
16.Rb1 b6 17.Qe2 Qc3+ 18.Qd2 Qc4 19.Qe2 Qc3+ 20.Qd2  1/2-1/2

[Event "OHRA-A"]
[Site "Brussels"]
[Date "1986.??.??"]
[Round "8"]
[White "Short, Nigel D"]
[Black "Nunn, John DM"]
[Result "0-1"]
[WhiteElo "2615"]
[BlackElo "2590"]

1.e4 e5 2.Nf3 Nc6 3.Bb5 a6 4.Ba4 Nf6 5.O-O Be7 6.Re1 b5 7.Bb3 O-O 8.c3 d5
9.exd5 Nxd5 10.Nxe5 Nxe5 11.Rxe5 c6 12.d4 Bd6 13.Re2 Qh4 14.g3 Qh5 15.Nd2 Bh3
16.f3 Bc7 17.a4 b4 18.c4 Nf6 19.Ne4 Qg6 20.Nf2 Bf5 21.Bc2 Rfe8 22.Bxf5 Qxf5
23.Rxe8+ Rxe8 24.Kg2 Rd8 25.Be3 Bb6 26.Qb3 Bxd4 27.Rd1 c5 28.Bxd4 cxd4 29.Qxb4 Qd7
30.Qb6 h5 31.Qxa6 Rb8 32.Rd2 h4 33.Qa5 Rb3 34.Qc5 Qb7 35.Rd3 h3+ 36.Kxh3 Rxd3
37.Nxd3 Qxf3 38.Qxd4 Qf1+ 39.Kh4 Qf5  0-1

[Event "OHRA-A"]
[Site "Brussels"]
[Date "1986.??.??"]
[Round "9"]
[White "Kortschnoj, Viktor"]
[Black "Nunn, John DM"]
[Result "1/2-1/2"]
[WhiteElo "2650"]
[BlackElo "2590"]

1.d4 g6 2.e4 d6 3.c3 Nf6 4.Bd3 Bg7 5.Nf3 O-O 6.O-O c5 7.dxc5 dxc5 8.h3 Nc6
9.Qe2 Qc7 10.Re1 Nd7 11.Bc2 b6 12.a4 Bb7 13.Nbd2 Rad8 14.Nf1 Qc8 15.Bg5 Ba6
16.Qe3 Qb7 17.Rad1 c4 18.Nd4 Nde5 19.Nb5 Na5 20.Qe2 Bxb5 21.axb5 Qc7 22.f4 Nd3
23.Bxd3 cxd3 24.Rxd3 h6 25.Bh4 Rxd3 26.Qxd3 Rd8 27.Qe2 Qxf4 28.Bxe7 Re8 29.Bb4 Nb7
30.Qf3 Qe5 31.Ne3 Qxb5 32.Rf1 Qd7 33.Nd5 Nc5 34.Bxc5 bxc5 35.Rd1 Qb7 36.Rd2 Qc6
37.Rf2 Qd7 38.Qf4 Re5 39.Rd2 Qe6 40.Nc7 Qe7 41.Nd5 Qe6 42.Nc7 Qe7 43.Nd5 Qe6  1/2-1/2

[Event "OHRA-A"]
[Site "Brussels"]
[Date "1986.??.??"]
[Round "10"]
[White "Nunn, John DM"]
[Black "Huebner, Robert"]
[Result "1/2-1/2"]
[WhiteElo "2590"]
[BlackElo "2620"]

1.e4 e6 2.d4 d5 3.Nc3 Bb4 4.e5 Qd7 5.Bd2 b6 6.Bb5 c6 7.Ba4 a5 8.a3 Bf8 9.Nce2 Ba6
10.c3 Ne7 11.Nf3 Nf5 12.O-O Be7 13.Re1 Bxe2 14.Qxe2 Na6 15.Bc2 Nc7 16.a4 g6
17.Rad1 h5 18.g3 Kf8 19.Kg2 Kg7 20.h3 Rag8 21.Rh1 Qd8 22.b4 Qa8 23.g4 Nh6
24.Ng5 b5 25.bxa5 Qxa5 26.axb5 Nxb5 27.c4 Nxd4 28.Nxe6+ Nxe6 29.Bxa5 Nf4+
30.Kf3 Nxe2 31.Kxe2 hxg4 32.hxg4  1/2-1/2

[Event "Bundesliga 8586"]
[Site "Germany"]
[Date "1986.??.??"]
[Round "?"]
[White "Pfleger, Helmut"]
[Black "Nunn, John DM"]
[Result "0-1"]
[WhiteElo "2480"]
[BlackElo "2585"]

1.g3 e5 2.c4 Nc6 3.Bg2 g6 4.Nc3 Bg7 5.e3 d6 6.Nge2 h5 7.h4 Nge7 8.d3 Bg4
9.Rb1 Rb8 10.b4 a6 11.a4 a5 12.b5 Nb4 13.Ba3 c5 14.Bxb4 axb4 15.Nd5 Nxd5
16.Bxd5 O-O 17.Qc2 b6 18.Nc1 Be6 19.Nb3 Bxd5 20.cxd5 e4 21.dxe4 Bc3+ 22.Kf1 Qe7
23.Kg2 Rbe8 24.Kf3 f5 25.exf5 c4 26.Nd4 Bxd4  0-1

[Event "Bundesliga 8586"]
[Site "Germany"]
[Date "1986.??.??"]
[Round "?"]
[White "Nunn, John DM"]
[Black "Neunhoeffer, Helmut"]
[Result "1-0"]
[WhiteElo "2600"]
[BlackElo "2235"]

1.e4 e5 2.Nf3 Nc6 3.Bb5 a6 4.Ba4 Nf6 5.O-O Be7 6.Re1 b5 7.Bb3 d6 8.c3 O-O
9.d4 Bg4 10.Be3 exd4 11.cxd4 Na5 12.Bc2 Nc4 13.Bc1 c5 14.b3 Na5 15.d5 Nd7
16.Nbd2 Bf6 17.Rb1 Rc8 18.h3 Bh5 19.g4 Bg6 20.Nf1 Bc3 21.Re3 b4 22.Ng3 c4
23.Rxc3 bxc3 24.b4 Nb7 25.Nd4 a5 26.a3 axb4 27.axb4 Re8 28.f4 f6 29.Be3 Ra8
30.Ne6 Qc8 31.Nf5 Bxf5 32.gxf5 Re7 33.Qd4 Ra3 34.Rc1 Nd8 35.b5 Nb7 36.Rb1 Na5
37.b6 Rb3 38.Ra1 Nb7 39.Qd1 Ndc5 40.Qd4 Nd7 41.Ra4 Nxb6 42.Bxb3 cxb3 43.Qxb6 c2
44.Qxb3 c1=Q+ 45.Bxc1 Qxc1+ 46.Kg2 Qd2+ 47.Kf3 Rd7 48.Ra2 Qe1 49.Qb5 Qh1+
50.Kg3 Qe1+ 51.Kh2  1-0

[Event "Bundesliga 8586"]
[Site "Germany"]
[Date "1986.??.??"]
[Round "?"]
[White "Vatter, Hans Joachim"]
[Black "Nunn, John DM"]
[Result "1/2-1/2"]
[WhiteElo "2265"]
[BlackElo "2585"]

1.e4 e5 2.Nf3 Nc6 3.Bc4 Nf6 4.d4 exd4 5.O-O Bc5 6.e5 d5 7.exf6 dxc4 8.Re1+ Be6
9.Ng5 Qd5 10.Nc3 Qf5 11.Nce4 O-O-O 12.g4 Qe5 13.fxg7 Rhg8 14.Nxe6 fxe6 15.Bh6 d3
16.c3 d2 17.Re2 Rd3 18.Nxc5 Qxc5 19.Rxd2 Ne5 20.Rxd3 cxd3 21.Kg2 Qd5+ 22.Kg3 Qd6
23.Bf4 Rxg7 24.h3 Rf7 25.Qa4 Qc6 26.Qxc6 Nxc6  1/2-1/2

[Event "Bundesliga 8586"]
[Site "Germany"]
[Date "1986.??.??"]
[Round "?"]
[White "Nunn, John DM"]
[Black "Fahnenschmidt, Gerhard"]
[Result "1-0"]
[WhiteElo "2585"]
[BlackElo "2340"]

1.e4 e5 2.Nf3 Nc6 3.Bb5 a6 4.Ba4 Nf6 5.O-O Be7 6.Re1 b5 7.Bb3 O-O 8.a4 Bb7
9.d3 d6 10.Nc3 Na5 11.Ba2 b4 12.Ne2 c5 13.Ng3 Bc8 14.h3 Rb8 15.Nd2 Ne8 16.Nc4 Nxc4
17.Bxc4 Bg5 18.c3 Bxc1 19.Rxc1 bxc3 20.bxc3 Nc7 21.Rb1 Bd7 22.Qc2 g6 23.Rxb8 Qxb8
24.Rb1 Bxa4 25.Bxf7+ Kg7 26.Bb3 Bxb3 27.Rxb3 Nb5 28.Nf1 Qd8 29.Ne3 Rf7 30.Qa2 Qc8
31.Qa5 h5 32.Rb2 Qc6 33.Nd5 Qc8 34.Qa4 Rf8 35.c4 Nc7 36.Nxc7 Qxc7 37.Qxa6 Rb8
38.Rb5 Kf6 39.Qa1 Rb7 40.Qa8 Rxb5 41.cxb5 c4 42.Qf8+ Kg5 43.h4+ Kxh4 44.Qf6+ g5
45.g3+ Kh3 46.Qf5+  1-0

[Event "Bundesliga 8586"]
[Site "Germany"]
[Date "1986.??.??"]
[Round "?"]
[White "Nunn, John DM"]
[Black "Dresen, Ulrich"]
[Result "1-0"]
[WhiteElo "2585"]
[BlackElo "2350"]

1.e4 g6 2.d4 Bg7 3.Nc3 c6 4.Bc4 d5 5.exd5 b5 6.Bb3 b4 7.Nce2 cxd5 8.Nf3 Nf6
9.O-O O-O 10.a3 bxa3 11.Rxa3 Bb7 12.Nf4 Nbd7 13.Re1 e6 14.Nd3 Qb6 15.Bd2 Bc6
16.Ba5 Qb7 17.Nfe5 Bb5 18.Qf3 Nxe5 19.dxe5 Nd7 20.c4 Bc6 21.cxd5 exd5 22.Bb4 Rfe8
23.Bd6 a5 24.Ba2 Ra6 25.Rc3  1-0

[Event "FRG op-ch"]
[Site "Germany"]
[Date "1986.??.??"]
[Round "?"]
[White "Nunn, John DM"]
[Black "Lutz, Christopher"]
[Result "1-0"]
[WhiteElo "2590"]
[BlackElo "2310"]

1.e4 e6 2.d4 d5 3.Nc3 Bb4 4.e5 Qd7 5.Bd2 b6 6.Bb5 c6 7.Ba4 a5 8.a3 Bxc3 9.Bxc3 Ba6
10.Bd2 Ne7 11.c3 Nf5 12.Ne2 Bb5 13.Bc2 c5 14.Be3 Nc6 15.Bxf5 exf5 16.dxc5 bxc5
17.Bxc5 Nxe5 18.O-O Nd3 19.a4 Nxc5 20.axb5 O-O 21.Nd4 Ne6 22.Nc6 Nc7 23.Qa4 Rac8
24.c4 Rfe8 25.Rad1 Re4 26.Qxa5 Rxc4 27.Ne5 Qxb5 28.Nxc4  1-0

[Event "FRG op-ch"]
[Site "Germany"]
[Date "1986.??.??"]
[Round "?"]
[White "Nunn, John DM"]
[Black "Hertzog, Peter"]
[Result "1-0"]
[WhiteElo "2590"]
[BlackElo "2305"]

1.e4 g6 2.d4 Bg7 3.Nc3 d6 4.Nf3 Nf6 5.h3 O-O 6.Be3 c5 7.dxc5 Qa5 8.Nd2 dxc5
9.Nc4 Qc7 10.e5 Nfd7 11.f4 Nc6 12.h4 Nb6 13.h5 Be6 14.Nxb6 Qxb6 15.Qc1 Nd4
16.Bd3 c4 17.Be4 f5 18.exf6 exf6 19.Bxd4 Qxd4 20.hxg6 hxg6 21.Bxg6 Bg4 22.Kf1 Rfe8
23.Bxe8 Rxe8 24.Rh4 f5 25.Rxg4 fxg4 26.Ne2 Qxb2 27.Qxb2 Bxb2 28.Rb1 c3 29.Rd1 Re7
30.Rd3 Kf7 31.Kf2 a5 32.Nd4 Re4 33.Ne2 Ra4 34.Kg3 Rxa2 35.Kxg4 Ba1 36.Nd4 b5
37.Kf5 b4 38.g4 a4 39.g5 b3 40.g6+  1-0

[Event "FRG op-ch"]
[Site "Germany"]
[Date "1986.??.??"]
[Round "?"]
[White "Hort, Vlastimil"]
[Black "Nunn, John DM"]
[Result "0-1"]
[WhiteElo "2545"]
[BlackElo "2590"]

1.d4 Nf6 2.c4 g6 3.Nc3 Bg7 4.e4 d6 5.Nf3 O-O 6.Be2 e5 7.Be3 h6 8.h3 exd4
9.Nxd4 Re8 10.Qc2 Qe7 11.Bf3 c5 12.Nde2 Nc6 13.Qd2 Be6 14.b3 Kh7 15.Rd1 Rad8
16.g3 a6 17.a4 Nd4 18.Bxd4 cxd4 19.Nxd4 d5 20.Nxe6 fxe6 21.Qc2 Nd7 22.Na2 dxc4
23.O-O Qa3 24.Rb1 cxb3 25.Qxb3 Qxb3 26.Rxb3 Nc5 27.Rb4 Rf8 28.Kg2 Rd3 29.Be2 Rd2
30.Nc1 Bd4 31.Bf3 Rf7 32.Ne2 Be5 33.Nc1 Rc2 34.Nb3 Nd3 35.Rb6 Rb2 36.a5 Bc3
37.Bg4 Bxa5 38.Bxe6 Rbxf2+  0-1

[Event "FRG op-ch"]
[Site "Germany"]
[Date "1986.??.??"]
[Round "?"]
[White "Busch, Raimund"]
[Black "Nunn, John DM"]
[Result "0-1"]
[WhiteElo "2300"]
[BlackElo "2590"]

1.d4 Nf6 2.Nf3 g6 3.c4 Bg7 4.Nc3 O-O 5.Bg5 c5 6.e3 cxd4 7.exd4 d5 8.Bxf6 Bxf6
9.Nxd5 Bg7 10.Nc3 Bg4 11.Be2 Nc6 12.d5 Bxf3 13.Bxf3 Ne5 14.Be2 Rc8 15.Qb3 Qc7
16.O-O Nxc4 17.Nb5 Qf4 18.g3 Qe4 19.Bd3 Qxd5 20.Rac1 Nb6 21.Nxa7 Qxb3 22.axb3 Rxc1
23.Rxc1 Rd8 24.Be4 Rd4 25.Bf3 Rd3 26.Kg2 Rxb3 27.Bxb7 Rxb2 28.Be4 f5 29.Bd3 Rd2
30.Bc2 Bd4 31.Bb3+ Kg7 32.Rc2 Rd3 33.Ba2 Bf6 34.Nb5 Nd5 35.Bc4 Rd1 36.Be2 Re1
37.Bc4 Nb4 38.Re2 Rc1 39.Bb3 Nd3 40.f4 Rc5 41.Na7 Rc1 42.Ra2 Rb1 43.Bc4 Nb4
44.Ra4 Nc2 45.Kf3 Rb2 46.Ra2 Nd4+ 47.Ke3 Rb1 48.Kd3 Rf1 49.Bd5 Rd1+ 50.Kc4 Rc1+
51.Kd3 h5 52.Bc4 h4 53.Bd5 Kh6 54.gxh4 Rd1+ 55.Rd2 Rf1 56.Ke3 Re1+ 57.Kd3 Ne6
58.Bxe6 Rxe6 59.Nb5 Re4 60.Rf2 Rb4 61.Nc7 Bxh4 62.Rf1 Rb3+ 63.Kc4 Rb2 64.Ne6 Rxh2
65.Rg1 Rc2+ 66.Kd3 Rc6 67.Nd4 Rd6 68.Rh1 g5 69.Kc4 Kg6 70.Nf3 Re6 71.fxg5 Re4+
72.Kd5 Bg3 73.Rh6+ Kf7 74.Rh7+ Ke8 75.Rh8+ Kd7 76.Rh7 Re3 77.g6 Rd3+ 78.Kc4 Rxf3  0-1

[Event "Bundesliga 8586"]
[Site "Germany"]
[Date "1986.??.??"]
[Round "?"]
[White "Hort, Vlastimil"]
[Black "Nunn, John DM"]
[Result "1/2-1/2"]
[WhiteElo "2545"]
[BlackElo "2585"]

1.d4 Nf6 2.c4 c5 3.d5 e5 4.Nc3 d6 5.e4 Be7 6.Nf3 Nbd7 7.g3 a6 8.a4 b6 9.Bg2 O-O
10.O-O Ne8 11.Ne1 Rb8 12.Nd3 Nc7 13.b4 b5 14.axb5 axb5 15.cxb5 Nxb5 16.Nxb5 Rxb5
17.Qa4 Rb6 18.Be3 Ba6 19.bxc5 Nxc5 20.Nxc5 Bxf1 21.Ne6 fxe6 22.Bxb6 Qxb6
23.Rxf1 exd5  1/2-1/2

[Event "Bundesliga 8586"]
[Site "Germany"]
[Date "1986.??.??"]
[Round "?"]
[White "Heinbuch, Detlef"]
[Black "Nunn, John DM"]
[Result "0-1"]
[WhiteElo "2385"]
[BlackElo "2585"]

1.d4 Nf6 2.Nf3 c5 3.dxc5 e6 4.e3 Bxc5 5.c4 d5 6.a3 O-O 7.Be2 Qe7 8.b4 Bd6
9.Bb2 a5 10.bxa5 dxc4 11.Nbd2 Nc6 12.Nxc4 Bc7 13.Nd4 Nxa5 14.O-O Nxc4 15.Bxc4 Bxh2+
16.Kxh2 Qc7+ 17.Kg1 Qxc4 18.Rc1 Qd5 19.Qe2 Bd7 20.Rfd1 Ba4 21.Nc2 Qg5 22.Rd4 Bb5
23.Qd1 Bc6 24.Ne1 e5 25.Rd3 Ng4 26.Nf3 Qh5 27.Rc5 Rfe8 28.Rd6 Bxf3 29.Qxf3 Qh2+
30.Kf1 Qh1+ 31.Ke2 Nh2 32.Qf5 Qf1+ 33.Kd2 g6 34.Qf6 Ng4 35.Qf3 Rad8 36.Rcd5 Rxd6
37.Rxd6 Qb1 38.Qxb7 Nxf2 39.Ke2 Ne4 40.Rc6 Rd8 41.Rc8 Qd1+  0-1

[Event "Bundesliga 8586"]
[Site "Germany"]
[Date "1986.??.??"]
[Round "?"]
[White "Gutman, Lev"]
[Black "Nunn, John DM"]
[Result "1-0"]
[WhiteElo "2485"]
[BlackElo "2600"]

1.Nf3 g6 2.g3 Bg7 3.Bg2 e5 4.d4 e4 5.Ng5 d5 6.f3 exf3 7.Nxf3 Nf6 8.O-O O-O
9.c4 dxc4 10.Nc3 Nc6 11.Bf4 Nh5 12.Be3 Re8 13.Qd2 Bg4 14.Rad1 Qe7 15.Bg5 Qd7
16.d5 Ne5 17.Rf2 Bxf3 18.Bxf3 Ng4 19.Rg2 Nhf6 20.h3 Ne5 21.Qf4 Qd6 22.Rf2 Nfd7
23.Ne4 Qb6 24.d6 f5 25.Nc3 cxd6 26.Nd5 Qc5 27.Be7 Nxf3+ 28.exf3 Ne5 29.b4 cxb3
30.axb3 Kh8 31.Kg2 Rac8 32.Qh4 h6 33.Bf6 Kh7 34.Bxg7 Kxg7 35.Qf6+ Kh7 36.f4 Rf8
37.Qe6 Nc6 38.Qd7+ Kh8 39.Nf6 Rxf6 40.Qxc8+ Kg7 41.Qd7+ Rf7 42.Qxd6 Qe3 43.Qd3 Qe7
44.Re2 Qf6 45.Qd6 Qc3 46.Rd3 Qa1 47.Re6 Kh7 48.Rxg6 Qb2+ 49.Kf3 Qb1 50.Rxh6+  1-0

[Event "London op"]
[Site "London"]
[Date "1986.??.??"]
[Round "?"]
[White "Chandler, Murray G"]
[Black "Nunn, John DM"]
[Result "1/2-1/2"]
[WhiteElo "2535"]
[BlackElo "2585"]

1.e4 e5 2.Nf3 Nc6 3.Bb5 a6 4.Ba4 Nf6 5.O-O Be7 6.Re1 b5 7.Bb3 O-O 8.a4 Bb7
9.d3 Re8 10.Nc3 b4 11.Nd5 Na5 12.Nxe7+ Qxe7 13.Ba2 d5 14.exd5 Qe6 15.c4 bxc3
16.bxc3 Bxd5  1/2-1/2

[Event "London"]
[Site "London"]
[Date "1986.??.??"]
[Round "3"]
[White "Nunn, John DM"]
[Black "Plaskett, Jim"]
[Result "1-0"]
[WhiteElo "2585"]
[BlackElo "2435"]

1.e4 e5 2.Nf3 Nf6 3.Nxe5 d6 4.Nf3 Nxe4 5.d3 Nf6 6.d4 Be7 7.Be2 O-O 8.O-O Bf5
9.c4 Re8 10.Nc3 Bf8 11.Re1 Ne4 12.Nxe4 Bxe4 13.Bg5 Be7 14.Bxe7 Rxe7 15.Bd3 Bxf3
16.Qxf3 Nc6 17.Qf4 Qd7 18.Re4 Rae8 19.Rae1 Rxe4 20.Rxe4 Nb4 21.Qf5 Re6 22.d5 Nxd3
23.dxe6 fxe6 24.Qxe6+ Qxe6 25.Rxe6 Kf7 26.Re2  1-0

[Event "London"]
[Site "London"]
[Date "1986.??.??"]
[Round "4"]
[White "Chandler, Murray G"]
[Black "Nunn, John DM"]
[Result "1/2-1/2"]
[WhiteElo "2535"]
[BlackElo "2585"]

1.e4 e5 2.Nf3 Nc6 3.Bb5 a6 4.Ba4 Nf6 5.O-O Be7 6.Re1 b5 7.Bb3 O-O 8.a4 Bb7
9.d3 Re8 10.Nc3 b4 11.Nd5 Na5 12.Nxe7+ Qxe7 13.Ba2 d5 14.exd5 Qd6 15.c4 bxc3
16.bxc3 Bxd5  1/2-1/2

[Event "London"]
[Site "London"]
[Date "1986.??.??"]
[Round "5"]
[White "Nunn, John DM"]
[Black "Short, Nigel D"]
[Result "1/2-1/2"]
[WhiteElo "2585"]
[BlackElo "2585"]

1.e4 e5 2.Nf3 Nf6 3.Nxe5 d6 4.Nf3 Nxe4 5.d3 Nf6 6.d4 Be7 7.Be2 O-O 8.O-O c6
9.c4 d5 10.cxd5 Nxd5 11.Nc3 Be6 12.Re1 Nd7 13.Bd3 Re8  1/2-1/2

[Event "London"]
[Site "London"]
[Date "1986.??.??"]
[Round "7"]
[White "Nunn, John DM"]
[Black "Vaganian, Rafael A"]
[Result "1-0"]
[WhiteElo "2585"]
[BlackElo "2645"]

1.e4 Nf6 2.e5 Nd5 3.d4 d6 4.Nf3 Nc6 5.c4 Nb6 6.e6 fxe6 7.Nc3 g6 8.h4 Bg7
9.Be3 d5 10.c5 Nc4 11.Bxc4 dxc4 12.Qa4 Qd7 13.O-O-O b5 14.Qxb5 Rb8 15.Qxc4 Nb4
16.Ne5 Bxe5 17.dxe5 Ba6 18.Rxd7 Bxc4 19.Rhd1 Rc8 20.Bg5 Nc6 21.b3 Ba6 22.Bh6 Nxe5
23.R7d4 Nf7 24.Be3 Bb7 25.f3 a6 26.b4 e5 27.Rc4 c6 28.Re4 Rd8 29.Rxd8+ Kxd8
30.Bf2 a5 31.bxa5 Ba6 32.Na4 Bf1 33.Bg3 Kc8 34.Re1 Bxg2 35.a6 Rf8 36.Nb6+  1-0

[Event "London"]
[Site "London"]
[Date "1986.??.??"]
[Round "8"]
[White "Nunn, John DM"]
[Black "Dlugy, Maxim"]
[Result "1-0"]
[WhiteElo "2585"]
[BlackElo "2545"]

1.e4 c6 2.d4 d5 3.e5 Bf5 4.Nc3 h5 5.Bd3 Bxd3 6.Qxd3 e6 7.Nf3 Nh6 8.O-O Nf5
9.Ne2 Nd7 10.Ng3 Nh4 11.Nxh4 Qxh4 12.Be3 Qd8 13.Rfd1 Rc8 14.b3 c5 15.c4 cxd4
16.cxd5 Nxe5 17.Qxd4 Qxd5 18.Qa4+  1-0

[Event "London"]
[Site "London"]
[Date "1986.??.??"]
[Round "10"]
[White "Nunn, John DM"]
[Black "Polugaevsky, Lev"]
[Result "1/2-1/2"]
[WhiteElo "2585"]
[BlackElo "2575"]

1.e4 c5 2.Nf3 d6 3.d4 cxd4 4.Nxd4 Nf6 5.Nc3 a6 6.Be3 e6 7.Qd2 Be7 8.f3 Nc6
9.O-O-O O-O 10.g4 Nxd4 11.Qxd4 b5 12.e5 dxe5 13.Qxe5 Nd7 14.Qe4 Rb8 15.Bd3 g6
16.Bf4 e5 17.Bh6 Bg5+ 18.Bxg5 Qxg5+ 19.Kb1 Bb7 20.Qe2  1/2-1/2